[Event "XVIII Festival Conca della Presolana Magistrale"]
[Site "Bratto - Castione della Presolana ITA"]
[Date "1998.08.??"]
[Round "?"]
[White "Samaritani, Fabio"]
[Black "Barbieri, Giovanni"]
[Result "1-0"]
[WhiteElo "2305"]
[BlackElo "2100"]
[PlyCount "74"]
[EventDate "1998.08.22"]

1. e4 e5 2. Nf3 Nc6 3. d4 exd4 4. Nxd4 Bc5 5. Be3 Qf6 6. c3 Nge7 7. Bc4 Nxd4 8.
cxd4 Bb4+ 9. Nc3 Qg6 10. O-O Bxc3 11. bxc3 O-O 12. Qd3 Qh5 13. Qd2 d5 14. Be2
Qg6 15. Bg5 f6 16. Bf4 dxe4 17. Bxc7 Nd5 18. Bg3 f5 19. c4 Ne7 20. d5 b6 21. f3
Bd7 22. Qb4 Qg5 23. Qd6 Rad8 24. Bf4 Qf6 25. Qxf6 Rxf6 26. Bg5 Rf7 27. d6 Nc6
28. Bxd8 Nxd8 29. Rac1 Rf6 30. fxe4 Nc6 31. exf5 Rxd6 32. Bf3 Ne5 33. c5 Rd2
34. cxb6 axb6 35. Rfd1 Nxf3+ 36. gxf3 Rxd1+ 37. Rxd1 Be8 1-0

[Event "XVIII Festival Conca della Presolana Magistrale"]
[Site "Bratto - Castione della Presolana ITA"]
[Date "1998.08.??"]
[Round "?"]
[White "Samaritani, Fabio"]
[Black "Braghetta, Sergio"]
[Result "0-1"]
[WhiteElo "2305"]
[BlackElo "2235"]
[PlyCount "66"]
[EventDate "1998.08.22"]

1. e4 c5 2. Nc3 d6 3. Nge2 Nf6 4. d4 cxd4 5. Nxd4 a6 6. Bg5 e6 7. f4 Qb6 8. Qd2
Nc6 9. O-O-O Bd7 10. Be2 Rc8 11. Rhe1 Be7 12. Kb1 Nxd4 13. Qxd4 Qxd4 14. Rxd4
Bc6 15. Bf3 h6 16. Bxf6 gxf6 17. f5 h5 18. h3 Kd7 19. g4 h4 20. a4 b6 21. Be2
Bb7 22. Bf1 Rc5 23. Nd1 Rcc8 24. c4 Bf8 25. Nc3 Bh6 26. Red1 Bf4 27. b4 Rc7 28.
a5 bxa5 29. Na4 Ke7 30. Nb6 Rb8 31. bxa5 Be5 32. Ka2 Bxd4 33. Rxd4 Rc5 0-1

[Event "XVIII Festival Conca della Presolana Magistrale"]
[Site "Bratto - Castione della Presolana ITA"]
[Date "1998.08.??"]
[Round "?"]
[White "Samaritani, Fabio"]
[Black "Mascheroni, Maurizio"]
[Result "1/2-1/2"]
[WhiteElo "2305"]
[BlackElo "2025"]
[PlyCount "24"]
[EventDate "1998.08.22"]

1. e4 d6 2. d4 Nf6 3. Nc3 g6 4. Be3 Bg7 5. Nf3 Bg4 6. h3 Bxf3 7. Qxf3 Nbd7 8.
g4 e5 9. Bg2 Nxg4 10. hxg4 exd4 11. Bd2 dxc3 12. Bxc3 Ne5 1/2-1/2

[Event "XVIII Festival Conca della Presolana Magistrale"]
[Site "Bratto - Castione della Presolana ITA"]
[Date "1998.08.??"]
[Round "?"]
[White "Samaritani, Fabio"]
[Black "Moncelli, Giorgio"]
[Result "1-0"]
[WhiteElo "2305"]
[BlackElo "2170"]
[PlyCount "87"]
[EventDate "1998.08.22"]

1. e4 d6 2. d4 Nf6 3. Nc3 g6 4. Bg5 Bg7 5. Qd2 c6 6. f4 b5 7. Bd3 O-O 8. Nf3
Nbd7 9. O-O Nb6 10. f5 Nc4 11. Bxc4 bxc4 12. e5 dxe5 13. dxe5 Nd5 14. f6 exf6
15. exf6 Bxf6 16. Bxf6 Nxf6 17. Qxd8 Rxd8 18. Ne5 Ng4 19. Nxf7 Rf8 20. Nd6
Rxf1+ 21. Rxf1 Be6 22. h3 Nh6 23. Re1 Bd5 24. Re8+ Rxe8 25. Nxe8 Kf7 26. Nc7
Be6 27. Nxe6 Kxe6 28. Ne4 Nf7 29. Kf2 Ke5 30. Ke3 h5 31. c3 Nh6 32. Nd2 Nf5+
33. Kf3 Nd6 34. g4 h4 35. Ke3 g5 36. Nf3+ Kf6 37. Kd4 Nf7 38. Nd2 Ne5 39. Ne4+
Ke6 40. Nd2 Kf6 41. Ne4+ Ke6 42. Nd2 Kf6 43. Ke3 Ng6 44. Nxc4 1-0

[Event "XVIII Festival Conca della Presolana Magistrale"]
[Site "Bratto - Castione della Presolana ITA"]
[Date "1998.08.??"]
[Round "?"]
[White "Satta, Vladimiro"]
[Black "Bellia, Fabrizio"]
[Result "0-1"]
[WhiteElo "2225"]
[BlackElo "2330"]
[PlyCount "64"]
[EventDate "1998.08.22"]

1. e4 e5 2. Nc3 Nc6 3. g3 g6 4. Bg2 Bg7 5. d3 d6 6. Nge2 Nge7 7. O-O O-O 8. Be3
Nd4 9. h3 c6 10. f4 Nxe2+ 11. Qxe2 exf4 12. gxf4 d5 13. Bf2 Re8 14. Qe3 Be6 15.
Kh1 f5 16. Bh4 Bxc3 17. bxc3 fxe4 18. dxe4 dxe4 19. Qxe4 Bd5 20. Qb4 Qd7 21.
Kh2 Bxg2 22. Kxg2 Nd5 23. Qb3 Re3 24. Rf3 Rxf3 25. Kxf3 Qxh3+ 26. Bg3 Re8 27.
Rg1 Qh5+ 28. Kg2 Re2+ 29. Bf2 Qg4+ 30. Kf1 Qf3 31. Rg2 Kh8 32. Kg1 Ne3 0-1

[Event "XVIII Festival Conca della Presolana Magistrale"]
[Site "Bratto - Castione della Presolana ITA"]
[Date "1998.08.??"]
[Round "?"]
[White "Satta, Vladimiro"]
[Black "Griffa, Roberto"]
[Result "1-0"]
[WhiteElo "2225"]
[BlackElo "2070"]
[PlyCount "65"]
[EventDate "1998.08.22"]

1. e4 c6 2. d3 d5 3. Nd2 e5 4. Ngf3 Bd6 5. g3 Nf6 6. Bg2 O-O 7. O-O Bg4 8. h3
Bh5 9. Qe1 Re8 10. Nh4 Nbd7 11. Nf5 Bf8 12. Nf3 dxe4 13. dxe4 Nc5 14. N3h4 Qc7
15. Bg5 Nfd7 16. Be3 Ne6 17. Qd2 Nb6 18. b3 a5 19. Bf3 Bxf3 20. Nxf3 f6 21. a4
Rad8 22. Qe2 Kh8 23. Rfd1 Rxd1+ 24. Rxd1 Rd8 25. Rd2 Bb4 26. Rd3 Nc8 27. c3 Bc5
28. Rxd8+ Qxd8 29. Qc4 Bxe3 30. Qxe6 g6 31. Nxe3 Nd6 32. Nd2 b5 33. c4 1-0

[Event "XVIII Festival Conca della Presolana Magistrale"]
[Site "Bratto - Castione della Presolana ITA"]
[Date "1998.08.??"]
[Round "?"]
[White "Sbarra, Marco"]
[Black "Godena, Michele"]
[Result "0-1"]
[WhiteElo "2270"]
[BlackElo "2510"]
[PlyCount "60"]
[EventDate "1998.08.22"]

1. d4 d5 2. c4 e6 3. Nc3 c6 4. cxd5 exd5 5. Bf4 Nf6 6. e3 Be7 7. Bd3 O-O 8. Qc2
Nbd7 9. Nf3 Re8 10. O-O Nf8 11. Rab1 Bg4 12. Ne5 Be6 13. h3 Rc8 14. b4 Bd6 15.
Bg5 Rc7 16. Rfd1 Bc8 17. e4 Ne6 18. Bxf6 Qxf6 19. Ng4 Qh4 20. e5 Bf8 21. Bf5 h5
22. g3 Qd8 23. Ne3 g6 24. Bxe6 Bxe6 25. Kg2 Qd7 26. Rh1 b6 27. g4 c5 28. bxc5
bxc5 29. Nb5 Rcc8 30. Qe2 a6 0-1

[Event "XVIII Festival Conca della Presolana Magistrale"]
[Site "Bratto - Castione della Presolana ITA"]
[Date "1998.08.??"]
[Round "?"]
[White "Sbarra, Marco"]
[Black "Gofshtein, Leonid D."]
[Result "0-1"]
[WhiteElo "2270"]
[BlackElo "2500"]
[PlyCount "58"]
[EventDate "1998.08.22"]

1. d4 Nf6 2. c4 g6 3. Nc3 Bg7 4. e4 d6 5. Nf3 O-O 6. Be2 Na6 7. O-O e5 8. d5
Nc5 9. Nd2 a5 10. b3 Bd7 11. a3 c6 12. dxc6 Bxc6 13. f3 Nh5 14. Nd5 f5 15. Rb1
Ne6 16. g3 Nf6 17. Kg2 h5 18. Bd3 f4 19. b4 axb4 20. axb4 fxg3 21. hxg3 h4 22.
Nb3 hxg3 23. c5 Ra2+ 24. Bc2 Nh5 25. Rh1 Bxd5 26. exd5 Nef4+ 27. Bxf4 Nxf4+ 28.
Kg1 e4 29. fxe4 Qg5 0-1

[Event "XVIII Festival Conca della Presolana Magistrale"]
[Site "Bratto - Castione della Presolana ITA"]
[Date "1998.08.??"]
[Round "?"]
[White "Sbarra, Marco"]
[Black "Grosar, Aljosa"]
[Result "0-1"]
[WhiteElo "2270"]
[BlackElo "2450"]
[PlyCount "44"]
[EventDate "1998.08.22"]

1. d4 Nf6 2. c4 e6 3. Nc3 Bb4 4. g3 c5 5. Nf3 O-O 6. Bg2 Ne4 7. Qb3 Qa5 8. O-O
Nxc3 9. bxc3 Bxc3 10. Rb1 cxd4 11. Ba3 Re8 12. Bd6 Nc6 13. c5 b6 14. Ne5 Nxe5
15. Bxa8 Ba6 16. cxb6 axb6 17. Bg2 Bxe2 18. Bxe5 Qxe5 19. Qxb6 d3 20. Qb5 Qxb5
21. Rxb5 d2 22. Rbb1 d5 0-1

[Event "XVIII Festival Conca della Presolana Magistrale"]
[Site "Bratto - Castione della Presolana ITA"]
[Date "1998.08.??"]
[Round "?"]
[White "Sbarra, Marco"]
[Black "Soprano, Paolo"]
[Result "1/2-1/2"]
[WhiteElo "2270"]
[BlackElo "2028"]
[PlyCount "86"]
[EventDate "1998.08.22"]

1. d4 e6 2. c4 Nf6 3. Nc3 Bb4 4. e3 b6 5. Bd3 Bb7 6. Nf3 Ne4 7. Qb3 Bxc3+ 8.
bxc3 d6 9. O-O Nd7 10. Ne1 c5 11. Qc2 Nef6 12. e4 h6 13. f4 e5 14. fxe5 dxe5
15. Nf3 Qe7 16. Nxe5 Nxe5 17. dxe5 Nd7 18. e6 Qxe6 19. e5 Nxe5 20. Bf5 Qe7 21.
Bf4 O-O 22. Rae1 f6 23. Qf2 Kh8 24. Qg3 Qe8 25. Bxe5 fxe5 26. Rxe5 Qf7 27. Bd3
Qg8 28. Rxf8 Rxf8 29. Re7 Bc8 30. Qg6 Rf6 31. Qe8 Re6 32. Qxg8+ Kxg8 33. Rxa7
Rd6 34. Be2 Bf5 35. Kf2 Bd3 36. Bxd3 Rxd3 37. Ra3 Rd2+ 38. Kf3 Kf7 39. h4 h5
40. g3 Kf6 41. Rb3 Kf5 42. Rxb6 Rd3+ 43. Kf2 Rxc3 1/2-1/2

[Event "XVIII Festival Conca della Presolana Magistrale"]
[Site "Bratto - Castione della Presolana ITA"]
[Date "1998.08.??"]
[Round "?"]
[White "Schiappacasse, Marcello"]
[Black "Cetro, Carlo"]
[Result "1/2-1/2"]
[WhiteElo "2095"]
[BlackElo "2190"]
[PlyCount "99"]
[EventDate "1998.08.22"]

1. e4 e6 2. d3 c5 3. Nd2 g6 4. g3 Bg7 5. Bg2 Ne7 6. Ngf3 Nbc6 7. O-O O-O 8. c3
a5 9. a4 d5 10. Qc2 b6 11. Rb1 Ba6 12. Rd1 Qd7 13. Nf1 Rfd8 14. Bd2 dxe4 15.
dxe4 Bd3 16. Qc1 Bxb1 17. Qxb1 Rac8 18. Ne3 Qc7 19. Re1 Rd7 20. Ng4 Rcd8 21.
Qc1 f5 22. exf5 exf5 23. Bf4 Qc8 24. Nge5 Nxe5 25. Nxe5 Bxe5 26. Bxe5 Nc6 27.
Bf6 Rf8 28. Qg5 Rd6 29. Be7 Nxe7 30. Qxe7 Qd8 31. Qe2 Qd7 32. c4 Rd8 33. b3 Qg7
34. Bd5+ Kh8 35. Qf3 Rf8 36. Qf4 Qf6 37. Re5 Rdd8 38. Qe3 Qd6 39. Qc3 Qf6 40.
Qe3 Rd7 41. Re6 Qd8 42. Qe5+ Rg7 43. h4 f4 44. Kg2 fxg3 45. fxg3 Qb8 46. Qe3
Qc7 47. Re8 Qd6 48. Re6 Qd8 49. Qe5 Qb8 50. Qe3 1/2-1/2

[Event "XVIII Festival Conca della Presolana Magistrale"]
[Site "Bratto - Castione della Presolana ITA"]
[Date "1998.08.??"]
[Round "?"]
[White "Schiappacasse, Marcello"]
[Black "Di Lazzaro, Gabriele"]
[Result "1/2-1/2"]
[WhiteElo "2095"]
[BlackElo "2005"]
[PlyCount "81"]
[EventDate "1998.08.22"]

1. Nf3 d5 2. g3 Nc6 3. d4 Bg4 4. Nbd2 Qd7 5. h3 Bf5 6. c3 f6 7. Bg2 e5 8. dxe5
fxe5 9. e4 dxe4 10. Nh4 e3 11. fxe3 Bd3 12. Ne4 O-O-O 13. Qg4 Nh6 14. Qxd7+
Rxd7 15. Nf2 Bb5 16. b3 Nb4 17. Be4 Bc5 18. c4 Bc6 19. Bxc6 Nxc6 20. O-O g5 21.
Ne4 Be7 22. Nf5 Nxf5 23. Rxf5 Rd1+ 24. Rf1 Rxf1+ 25. Kxf1 Rf8+ 26. Ke2 h5 27.
Bb2 Kd7 28. Rf1 Rxf1 29. Kxf1 Ke6 30. g4 hxg4 31. hxg4 a5 32. Ke2 b6 33. a4 Nd8
34. Kf3 Nf7 35. Bc3 Nh6 36. Bb2 Nf7 37. Bc3 Nd8 38. Bb2 Nc6 39. Ke2 Nb8 40. Bc3
Nc6 41. Bb2 1/2-1/2

[Event "XVIII Festival Conca della Presolana Magistrale"]
[Site "Bratto - Castione della Presolana ITA"]
[Date "1998.08.??"]
[Round "?"]
[White "Schiappacasse, Marcello"]
[Black "Eynard, Valdo"]
[Result "1/2-1/2"]
[WhiteElo "2095"]
[BlackElo "2085"]
[PlyCount "59"]
[EventDate "1998.08.22"]

1. e4 c6 2. Nf3 d5 3. Nc3 dxe4 4. Nxe4 Bg4 5. Bc4 e6 6. d3 Nd7 7. Bf4 Nb6 8.
Bb3 Nf6 9. Qe2 Be7 10. h3 Bh5 11. O-O O-O 12. Rad1 Nbd5 13. Bg3 Re8 14. c4 Nb6
15. Qe3 Bxf3 16. Qxf3 Qd4 17. Rfe1 Rad8 18. Nc3 Bd6 19. Bxd6 Qxd6 20. Ne4 Qd4
21. Nxf6+ Qxf6 22. Qxf6 gxf6 23. d4 Kf8 24. Kf1 e5 25. dxe5 Rxd1 26. Rxd1 Rxe5
27. f3 Ke7 28. Kf2 c5 29. a3 f5 30. Rd2 1/2-1/2

[Event "XVIII Festival Conca della Presolana Magistrale"]
[Site "Bratto - Castione della Presolana ITA"]
[Date "1998.08.??"]
[Round "?"]
[White "Schiappacasse, Marcello"]
[Black "Lapiccirella, Mattia"]
[Result "0-1"]
[WhiteElo "2095"]
[BlackElo "2030"]
[PlyCount "42"]
[EventDate "1998.08.22"]

1. e4 c5 2. c3 d5 3. exd5 Qxd5 4. d4 Nf6 5. Nf3 Bg4 6. Be2 e6 7. Na3 Nc6 8. O-O
Be7 9. Nc2 cxd4 10. Nfxd4 Bxe2 11. Qxe2 Nxd4 12. Nxd4 O-O 13. Be3 Qa5 14. Rfd1
Nd5 15. Bd2 Qb6 16. Nb3 Rac8 17. c4 Qa6 18. Rac1 Rfd8 19. Nd4 Nb6 20. Bc3 Qxc4
21. Qf3 Bf6 0-1

[Event "XVIII Festival Conca della Presolana Magistrale"]
[Site "Bratto - Castione della Presolana ITA"]
[Date "1998.08.??"]
[Round "?"]
[White "Schiappacasse, Marcello"]
[Black "Mione, Dario"]
[Result "0-1"]
[WhiteElo "2095"]
[BlackElo "2300"]
[PlyCount "46"]
[EventDate "1998.08.22"]

1. e4 e6 2. d4 d5 3. e5 c5 4. c3 Nc6 5. Nf3 Bd7 6. a3 f6 7. Bd3 Qb6 8. b4 c4 9.
Bc2 g6 10. h4 Bg7 11. Bf4 a5 12. Nbd2 fxe5 13. dxe5 Qc7 14. Bg3 Nge7 15. O-O
Nxe5 16. Nd4 Qb6 17. Qe2 N7c6 18. Nxc6 Nxc6 19. Bd6 Nxb4 20. axb4 Qxd6 21. bxa5
Bxc3 22. Rad1 Qe5 23. Qg4 Qf6 0-1

[Event "XVIII Festival Conca della Presolana Magistrale"]
[Site "Bratto - Castione della Presolana ITA"]
[Date "1998.08.??"]
[Round "?"]
[White "Soprano, Paolo"]
[Black "Belakovskaia, Anjelina"]
[Result "1/2-1/2"]
[WhiteElo "2028"]
[BlackElo "2380"]
[PlyCount "91"]
[EventDate "1998.08.22"]

1. c4 e5 2. Nc3 Nf6 3. g3 d5 4. cxd5 Nxd5 5. Bg2 Nb6 6. Nf3 Nc6 7. O-O Be7 8.
d3 g5 9. Be3 g4 10. Nd2 h5 11. Nb3 Nd4 12. Rc1 c6 13. Na4 h4 14. Nac5 Qd6 15.
Nxd4 exd4 16. Bf4 Qg6 17. Nb3 hxg3 18. Bxg3 Bd6 19. Nxd4 Qh6 20. Re1 Bd7 21. a4
Nd5 22. e3 Nc7 23. b4 a6 24. b5 axb5 25. axb5 Nxb5 26. Nxb5 cxb5 27. Ra1 Ra4
28. Bxb7 Bxg3 29. hxg3 Bc6 30. Bxc6+ Qxc6 31. e4 Qh6 32. Kf1 Qh1+ 33. Ke2 Qf3+
34. Kd2 Qxf2+ 35. Re2 Qd4 36. Rxa4 bxa4 37. Qc2 Kd7 38. Qc3 Qxc3+ 39. Kxc3 Ke6
40. d4 Rb8 41. Ra2 Ra8 42. Ra3 f5 43. exf5+ Kxf5 44. Kd3 Ra7 45. Ke3 Ra8 46.
Kd3 1/2-1/2

[Event "XVIII Festival Conca della Presolana Magistrale"]
[Site "Bratto - Castione della Presolana ITA"]
[Date "1998.08.??"]
[Round "?"]
[White "Soprano, Paolo"]
[Black "Mauro, Alan"]
[Result "1/2-1/2"]
[WhiteElo "2028"]
[BlackElo "2260"]
[PlyCount "75"]
[EventDate "1998.08.22"]

1. c4 Nf6 2. Nc3 g6 3. e4 d6 4. g3 Bg7 5. Bg2 O-O 6. Nge2 c5 7. O-O Nc6 8. d3
a6 9. b3 Rb8 10. Bb2 Bd7 11. Qd2 b5 12. Nd5 e6 13. Nxf6+ Bxf6 14. Bxf6 Qxf6 15.
Rac1 b4 16. Rcd1 Nd4 17. Nxd4 Qxd4 18. Qe3 a5 19. Qxd4 cxd4 20. Rc1 Rfc8 21. f4
Rc5 22. Rce1 e5 23. Rf2 a4 24. bxa4 Ra5 25. Rb1 Rxa4 26. Rfb2 Kf8 27. Bf1 Rba8
28. Rxb4 Rxb4 29. Rxb4 Rxa2 30. Rb7 Bg4 31. Rb5 f6 32. c5 dxc5 33. Rxc5 exf4
34. gxf4 Ra1 35. Kf2 Ra2+ 36. Kg1 Ra1 37. Kf2 Ra2+ 38. Kg1 1/2-1/2

[Event "XVIII Festival Conca della Presolana Magistrale"]
[Site "Bratto - Castione della Presolana ITA"]
[Date "1998.08.??"]
[Round "?"]
[White "Soprano, Paolo"]
[Black "Molina, Fabrizio"]
[Result "1/2-1/2"]
[WhiteElo "2028"]
[BlackElo "2290"]
[PlyCount "126"]
[EventDate "1998.08.22"]

1. c4 c5 2. Nc3 Nc6 3. g3 g6 4. Bg2 Bg7 5. Nf3 e5 6. d3 Nge7 7. O-O O-O 8. Rb1
Rb8 9. a3 a6 10. b4 cxb4 11. axb4 d5 12. Nxd5 Nxd5 13. cxd5 Qxd5 14. Nd2 Qd6
15. Nc4 Qc7 16. b5 axb5 17. Rxb5 Nd4 18. Rb1 b5 19. Ne3 Qd6 20. Nc2 b4 21. Bd2
Nxc2 22. Qxc2 Be6 23. Qa4 b3 24. Bc1 Rfc8 25. Ba3 Qb6 26. Rfc1 h5 27. h4 Kh7
28. Bf3 Rc7 29. Rxc7 Qxc7 30. Rc1 Qd8 31. Rb1 Qb6 32. e3 Rc8 33. Qb4 Qxb4 34.
Bxb4 b2 35. Ba3 e4 36. Bxe4 Rc3 37. Bxb2 Rb3 38. d4 Bf5 39. Bxf5 gxf5 40. Kf1
Bf8 41. d5 Ba3 42. Bxa3 Rxb1+ 43. Ke2 Rb5 44. d6 Rd5 45. Kf3 Kg6 46. Bb4 Kf6
47. Kf4 Ke6 48. Kf3 Rb5 49. Ba3 Ra5 50. Bb4 Rd5 51. Ba3 Kd7 52. Bb4 Rb5 53. Ba3
Ra5 54. Bb4 Ra4 55. Bc5 Kc6 56. Bd4 Kxd6 57. Kf4 Ke6 58. Kg5 Ra2 59. f4 Rg2 60.
Kxh5 Rxg3 61. Kh6 f6 62. h5 Kf7 63. Kh7 Rg7+ 1/2-1/2

[Event "XVIII Festival Conca della Presolana Magistrale"]
[Site "Bratto - Castione della Presolana ITA"]
[Date "1998.08.??"]
[Round "?"]
[White "Soprano, Paolo"]
[Black "Satta, Vladimiro"]
[Result "1/2-1/2"]
[WhiteElo "2028"]
[BlackElo "2225"]
[PlyCount "121"]
[EventDate "1998.08.22"]

1. c4 c5 2. Nc3 g6 3. g3 Bg7 4. Bg2 Nc6 5. Nf3 e6 6. O-O Nge7 7. d3 O-O 8. Be3
d6 9. Qd2 Nf5 10. Bg5 f6 11. Be3 Nxe3 12. Qxe3 f5 13. Qd2 a6 14. e3 g5 15. Ne2
e5 16. Ne1 f4 17. Bxc6 bxc6 18. f3 fxe3 19. Qxe3 Rb8 20. Rb1 Bf5 21. Kh1 h6 22.
Nc3 Qf6 23. Ne4 Qg6 24. Kg2 Rf7 25. g4 Bd7 26. Kg3 Bf8 27. Kg2 Rf4 28. h3 Bg7
29. Kg1 Qh7 30. Ng2 Rff8 31. b3 Be8 32. Rbd1 Bg6 33. Qe2 h5 34. Qe3 Qh6 35. h4
hxg4 36. hxg5 Qh3 37. fxg4 Qxg4 38. Nf6+ Bxf6 39. gxf6 Rf7 40. Rd2 Rbf8 41.
Rdf2 Rh7 42. Qf3 Qd4 43. Ne1 Rh4 44. Ng2 Rg4 45. Kh1 Rf7 46. Ne1 Rh4+ 47. Rh2
Rfh7 48. Rff2 Qa1 49. Qe3 Rxh2+ 50. Rxh2 Rxh2+ 51. Kxh2 Qxa2+ 52. Ng2 Kf7 53.
Qh6 Kxf6 54. Qf8+ Kg5 55. Qd8+ Kg4 56. Qxd6 Bf5 57. Qxe5 Qf2 58. Kh1 Qf1+ 59.
Kh2 Qxd3 60. Ne3+ Kg5 61. Qxc5 1/2-1/2

[Event "XVIII Festival Conca della Presolana Magistrale"]
[Site "Bratto - Castione della Presolana ITA"]
[Date "1998.08.??"]
[Round "?"]
[White "Todor, Razvan"]
[Black "Boldini, David"]
[Result "1-0"]
[WhiteElo "2205"]
[BlackElo "1959"]
[PlyCount "35"]
[EventDate "1998.08.22"]

1. d4 b5 2. e4 c6 3. Bd3 e6 4. Ne2 d5 5. e5 Qb6 6. O-O c5 7. c3 Nc6 8. Be3 cxd4
9. Nxd4 Nxd4 10. cxd4 b4 11. Nd2 Bd7 12. Rc1 Ne7 13. Qf3 Bb5 14. Nc4 Bxc4 15.
Bxc4 Nc6 16. Bxd5 exd5 17. Qxd5 Rc8 18. e6 1-0

[Event "XVIII Festival Conca della Presolana Magistrale"]
[Site "Bratto - Castione della Presolana ITA"]
[Date "1998.08.??"]
[Round "?"]
[White "Todor, Razvan"]
[Black "Griffa, Roberto"]
[Result "1-0"]
[WhiteElo "2205"]
[BlackElo "2070"]
[PlyCount "99"]
[EventDate "1998.08.22"]

1. c4 Nc6 2. Nc3 e5 3. g3 f5 4. d3 Nf6 5. Bg2 d6 6. e3 g6 7. Nge2 Bg7 8. Rb1 a5
9. a3 O-O 10. b4 axb4 11. axb4 Ne7 12. b5 Kh8 13. O-O g5 14. f4 gxf4 15. exf4
Ng6 16. Qc2 Ra7 17. b6 Ra6 18. bxc7 Qxc7 19. Kh1 Rf7 20. Be3 Ng4 21. Bg1 exf4
22. Nd5 Qa5 23. Nexf4 Nxf4 24. Nxf4 Qa2 25. Qxa2 Rxa2 26. Rb6 Be5 27. d4 Bxf4
28. Rxf4 Ra6 29. Rxa6 bxa6 30. c5 dxc5 31. dxc5 Re7 32. h3 Ne3 33. Bf3 Kg7 34.
c6 Kf6 35. Rb4 Nc2 36. Rb8 Ne1 37. Bb6 Nxf3 38. Bd8 Be6 39. c7 Kf7 40. Bxe7
Kxe7 41. c8=Q Bxc8 42. Rxc8 Kd6 43. Ra8 Ke5 44. Rxa6 Ng5 45. Rh6 Ne4 46. Kg2
Nf6 47. Kf3 Ne4 48. Ra6 Ng5+ 49. Kg2 Ne6 50. Ra7 1-0

[Event "XVIII Festival Conca della Presolana Magistrale"]
[Site "Bratto - Castione della Presolana ITA"]
[Date "1998.08.??"]
[Round "?"]
[White "Todor, Razvan"]
[Black "Machin, Guillaume"]
[Result "1/2-1/2"]
[WhiteElo "2205"]
[BlackElo "2045"]
[PlyCount "62"]
[EventDate "1998.08.22"]

1. e4 c5 2. c3 e5 3. Nf3 Nc6 4. Bc4 Qc7 5. O-O Nf6 6. Re1 Be7 7. a4 O-O 8. Na3
a6 9. d4 cxd4 10. cxd4 Nxd4 11. Nxd4 Bxa3 12. Rxa3 Qxc4 13. Nf5 Qe6 14. Rg3 g6
15. Qd2 Kh8 16. Qb4 Rd8 17. Nd6 a5 18. Qb6 Rg8 19. Qc5 Ra6 20. Nxc8 Rc6 21.
Qxa5 Rgxc8 22. Bg5 b6 23. Qd2 Rc2 24. Qd3 Nh5 25. Rf3 R2c4 26. b3 Rd4 27. Qa6
Rc6 28. h3 Kg7 29. Qe2 h6 30. Bc1 Nf6 31. Re3 Rb4 1/2-1/2

[Event "XVIII Festival Conca della Presolana Magistrale"]
[Site "Bratto - Castione della Presolana ITA"]
[Date "1998.08.??"]
[Round "?"]
[White "Todor, Razvan"]
[Black "Menoni, Vincenzo"]
[Result "1/2-1/2"]
[WhiteElo "2205"]
[BlackElo "2285"]
[PlyCount "45"]
[EventDate "1998.08.22"]

1. c4 g6 2. Nc3 Bg7 3. e4 d6 4. d4 Nf6 5. Be2 O-O 6. Nf3 e5 7. O-O Nc6 8. d5
Ne7 9. b4 Nh5 10. Re1 a5 11. Ba3 Nf4 12. Bf1 axb4 13. Bxb4 Bg4 14. h3 Bxf3 15.
Qxf3 c5 16. dxc6 Nxc6 17. a3 Ne6 18. Nb5 Ned4 19. Nxd4 exd4 20. Qb3 Re8 21. Bd2
Rb8 22. Rac1 Qe7 23. Qb5 1/2-1/2

[Event "XVIII Festival Conca della Presolana Magistrale"]
[Site "Bratto - Castione della Presolana ITA"]
[Date "1998.08.??"]
[Round "?"]
[White "Trentini, Danilo"]
[Black "De Barberis, Massimo"]
[Result "0-1"]
[WhiteElo "2165"]
[BlackElo "2110"]
[PlyCount "80"]
[EventDate "1998.08.22"]

1. d4 Nf6 2. Nf3 e6 3. c4 c5 4. d5 exd5 5. cxd5 d6 6. Nc3 g6 7. Nd2 Nbd7 8. Nc4
Nb6 9. e4 Nxc4 10. Bxc4 Bg7 11. O-O O-O 12. Bg5 a6 13. a4 h6 14. Bh4 Re8 15.
Re1 g5 16. Bg3 Ng4 17. Be2 Ne5 18. Bxe5 Bxe5 19. Bg4 Qf6 20. Bxc8 Rexc8 21. Re3
b5 22. Qe2 b4 23. Nd1 Bf4 24. Rh3 Re8 25. g3 Be5 26. Ne3 Bxb2 27. Ng4 Bxa1 28.
Nxf6+ Bxf6 29. g4 Kg7 30. Qc4 Be5 31. Kf1 Reb8 32. Ke2 Rb6 33. Kd2 Rab8 34. Kc2
b3+ 35. Kb1 b2 36. Qe2 Rb3 37. Rd3 Rxd3 38. Qxd3 Rb4 39. Qxa6 Rxe4 40. Qa5 Rxg4
0-1

[Event "XVIII Festival Conca della Presolana Magistrale"]
[Site "Bratto - Castione della Presolana ITA"]
[Date "1998.08.??"]
[Round "?"]
[White "Trentini, Danilo"]
[Black "Lovati, Paolo"]
[Result "0-1"]
[WhiteElo "2165"]
[BlackElo "2050"]
[PlyCount "74"]
[EventDate "1998.08.22"]

1. d4 d5 2. Nf3 Nc6 3. Bf4 Bg4 4. Nbd2 e6 5. c3 Bd6 6. Bxd6 cxd6 7. e4 dxe4 8.
Nxe4 d5 9. Ned2 Nge7 10. Bd3 Bf5 11. Bxf5 Nxf5 12. O-O O-O 13. Re1 Qc7 14. a3
Na5 15. Ne5 Nc4 16. Ndxc4 dxc4 17. Qe2 Rac8 18. Qh5 f6 19. Nf3 Rfe8 20. Qh3 Qf4
21. Re2 Re7 22. Rae1 Rce8 23. Re4 Qc7 24. R4e2 Qd7 25. Nd2 b5 26. f4 Qd5 27.
Nf3 g6 28. g4 Nd6 29. g5 f5 30. Qg2 a5 31. h4 b4 32. axb4 axb4 33. h5 bxc3 34.
bxc3 Ne4 35. Rc1 gxh5 36. Qh3 Ra8 37. Qxh5 Ng3 0-1

[Event "XVIII Festival Conca della Presolana Magistrale"]
[Site "Bratto - Castione della Presolana ITA"]
[Date "1998.08.??"]
[Round "?"]
[White "Trentini, Danilo"]
[Black "Oppici, Gabriele"]
[Result "1-0"]
[WhiteElo "2165"]
[BlackElo "2085"]
[PlyCount "99"]
[EventDate "1998.08.22"]

1. d4 Nc6 2. Nf3 d5 3. Bf4 Bg4 4. Nbd2 e6 5. c3 Bd6 6. Bxd6 Qxd6 7. e4 dxe4 8.
Nxe4 Qf4 9. Ned2 Nge7 10. g3 Qf6 11. Bg2 O-O 12. O-O Qh6 13. Re1 Rad8 14. Qa4
Bf5 15. b4 a6 16. Ne4 Nd5 17. Qb3 Bxe4 18. Rxe4 Qf6 19. Rae1 b5 20. Qc2 h6 21.
a3 Rb8 22. c4 bxc4 23. Qxc4 Rb6 24. Ne5 Nxe5 25. dxe5 Qe7 26. Rd4 c6 27. Rc1
Rfb8 28. Qc5 Qg5 29. f4 Qg4 30. Rd2 a5 31. Qxa5 Ne3 32. Qc5 Nxg2 33. Kxg2 h5
34. h3 Qf5 35. Qc2 Ra8 36. Qxf5 exf5 37. Rd3 Rb7 38. Rcc3 Kf8 39. Kf3 Ke7 40.
Ke2 g6 41. Kd2 Rd8 42. h4 Rdb8 43. Kc2 Rb5 44. Rd6 R5b6 45. Kb3 Ke8 46. Rc4 Ke7
47. a4 R6b7 48. Rdxc6 Ra8 49. b5 Rab8 50. Kb4 1-0